000 00287nam a2200133Ia 4500
100 _aMyers/ G.E.
942 _cBK
654 _athermodynamics
245 _aEngineering thermodynamics
260 _bprentice hall
_aNew Jersey
_c1989
300 _a875
546 _aENGLISH
999 _c29793
_d29793